Успехи химии ациклических мочевин в синтезе новых биологически активных соединений; Успехи химии в создании новых биологически активных соединений

Podrobná bibliografie
Parent link:Успехи химии в создании новых биологически активных соединений.— 1998.— С. 12-47
Další autoři: Тигнибидина Л. Г., Добычина Н.С., Бугаева Л. И., Штрыкова В. В. Виктория Викторовна, Пустовойтов А. В.
Jazyk:ruština
Vydáno: 1998
Témata:
Médium: Kapitola
KOHA link:https://koha.lib.tpu.ru/cgi-bin/koha/opac-detail.pl?biblionumber=197440

MARC

LEADER 00000naa2a2200000 4500
001 197440
005 20240122095909.0
035 |a (RuTPU)RU\TPU\book\215372 
035 |a RU\TPU\book\215371 
090 |a 197440 
100 |a 20110610d1998 k y0rusy50 ca 
101 0 |a rus 
102 |a RU 
200 1 |a Успехи химии ациклических мочевин в синтезе новых биологически активных соединений  |f Л. Г. Тигнибидина [и др.] 
320 |a Библиогр.: 62 назв. 
463 0 |0 (RuTPU)RU\TPU\book\7309  |y 5895030297  |t Успехи химии в создании новых биологически активных соединений  |f Томский политехнический университет, ХТФ; под ред. А. А. Бакибаева  |v С. 12-47  |d 1998  |p 190 с. 
610 1 |a труды учёных ТПУ 
701 1 |a Тигнибидина  |b Л. Г. 
701 1 |a Добычина  |b Н.С. 
701 1 |a Бугаева  |b Л. И. 
701 1 |a Штрыкова  |b В. В.  |c химик  |c доцент Томского политехнического университета, кандидат химических наук  |f 1962-  |g Виктория Викторовна  |3 (RuTPU)RU\TPU\pers\28949  |9 13682 
701 1 |a Пустовойтов  |b А. В. 
801 1 |a RU  |b 63413507  |c 20110610 
801 2 |a RU  |b 63413507  |c 20160420  |g RCR 
942 |c BK